Southville International School and Colleges
Your cart is empty.
  • Cart
  • Lists
    Public lists Eva Luna New books Lux_list list_1
    Your lists Log in to create your own lists
  • Log in to your account
  • Your cookies
  • Search history
Southville International School and Colleges
  • Advanced search
  • Recent comments
  • Most popular
  • Libraries

Log in to your account

Log in with GOOGLE


If you do not have an external account, but do have a local account, you can still log in:

  1. Home
  2. MARC view: Pharmacology:
Normal view MARC view ISBD view

Pharmacology: (Record no. 283891)

[ view plain ]
MARC details
000 -LEADER
fixed length control field 00828nam a2200277 a 4500
003 - CONTROL NUMBER IDENTIFIER
control field PILC
005 - DATE AND TIME OF LATEST TRANSACTION
control field 20150507142529.0
008 - FIXED-LENGTH DATA ELEMENTS--GENERAL INFORMATION
fixed length control field 040609s19uu xx 00 eng d
020 ## - INTERNATIONAL STANDARD BOOK NUMBER
International Standard Book Number 9812590943
050 ## - LIBRARY OF CONGRESS CALL NUMBER
Classification number RM 301
Item number .K44 2003
100 ## - MAIN ENTRY--PERSONAL NAME
Personal name Kee, Joyce LeFever.
245 ## - TITLE STATEMENT
Title Pharmacology:
Remainder of title a nursing process approach. /
Statement of responsibility, etc Joyce LeFever Kee, Evelyn R. Hayes.
250 ## - EDITION STATEMENT
Edition statement 4th ed.
260 ## - PUBLICATION, DISTRIBUTION, ETC. (IMPRINT)
Place of publication, distribution, etc Philadelphia :
Name of publisher, distributor, etc Saunders,
Date of publication, distribution, etc 2003.
300 ## - PHYSICAL DESCRIPTION
Extent xxv, 917 pages :
Other physical details illustrations ;
Dimensions 26 cm.
500 ## - GENERAL NOTE
General note Includes appendix, bibliographical reference and index.
650 ## - SUBJECT ADDED ENTRY--TOPICAL TERM
Topical term or geographic name as entry element Pharmacology
General subdivision Nurse's Instruction.
650 ## - SUBJECT ADDED ENTRY--TOPICAL TERM
Topical term or geographic name as entry element Drug Theraphy
General subdivision Nurse's Instruction.
700 ## - ADDED ENTRY--PERSONAL NAME
Personal name Hayes, Evelyn.
942 ## - ADDED ENTRY ELEMENTS (KOHA)
Koha item type Books
Source of classification or shelving scheme Library of Congress Classification
Holdings
Withdrawn status Lost status Source of classification or shelving scheme Damaged status Home library Current library Shelving location Date acquired Source of acquisition Sub Shelving location Total Checkouts Full call number Barcode Date last seen Price effective from Koha item type
    Library of Congress Classification   Southville International School Affiliated with Foreign Universities Library Southville International School Affiliated with Foreign Universities Library Southville Foreign University Section 05/07/2015 Library Fund     RM 301 .K44 2003 SFU1920 05/15/2018 05/07/2015 Books

Pharmacology:

APA

Kee J. L., Hayes E., . (2003). Pharmacology. Philadelphia: Saunders.

Chicago

Kee Joyce LeFever, Hayes Evelyn, . 2003. Pharmacology. Philadelphia: Saunders.

Harvard

Kee J. L., Hayes E., . (2003). Pharmacology. Philadelphia: Saunders.

MLA

Kee Joyce LeFever, Hayes Evelyn, . Pharmacology. Philadelphia: Saunders. 2003.

  • Place hold
  • Print
  • Cite
  • Add to your cart (remove)
  • Save record
    BIBTEX Dublin Core MARCXML MARC (non-Unicode/MARC-8) MARC (Unicode/UTF-8) MARC (Unicode/UTF-8, Standard) MODS (XML) RIS
  • More searches
    Search for this title in:
    Other Libraries (WorldCat) Other Databases (Google Scholar) Online Stores (Bookfinder.com) Open Library (openlibrary.org)

Exporting to Dublin Core...

SOUTHVILLE LIBRARY

Southville International School and Colleges Library

1281 Tropical Ave. Cor. Luxembourg St., BF Homes International, Las Pinas City

Tel. No. 8256374 / 252358 Loc. 117/146

Powered by Koha